Sports Quiz

Random Sports or Hockey Quiz

Who's That With the Stanley Cup? Quiz Stats

 Plays Quiz Updated May 26, 2018

Challenge
Share
Tweet
Score 0/23 Timer 10:00
7 Plays Today
% Correct
Wayne Gretzky
96.7%
Sidney Crosby
87.7%
Mark Messier
87.3%
Mario Lemieux
86.6%
Patrick Kane
86.3%
Bobby Orr
84.7%
Jaromír Jágr
80.7%
Martin Brodeur
80.3%
Zdeno Chára
78.7%
Joe Sakic
77.2%
Mike Modano
75.6%
Steve Yzerman
75.2%
% Correct
Ray Bourque
71.6%
Peter Forsberg
69.9%
Nicklas Lidström
69.9%
Teemu Selänne
68.9%
Dustin Brown
68.2%
Maurice Richard
67.3%
Bobby Clarke
60.9%
Rod Brind'Amour
60.8%
Vincent Lecavalier
60.5%
Denis Potvin
48.9%
Mark Recchi
41.8%

You're not logged in!

Compare scores with friends on all Sporcle quizzes.
OR
Log In

You Might Also Like...

Show Comments

Extras

Top Quizzes Today


Score Distribution

Your Account Isn't Verified!

In order to create a playlist on Sporcle, you need to verify the email address you used during registration. Go to your Sporcle Settings to finish the process.

Report this User

Report this user for behavior that violates our Community Guidelines.

Details: